000 01683 a2200193 4500
001 26448
005 20260407155544.0
008 260407a1974 arg spa d
003 AR-UNSa-BCEJYS
040 _aAR-UNSa-BCEJYS
_bspa
_cAR-UNSa-BCEJYS
080 _a657.3
_xPresupuestos. Cierre de Cuentas. Balances (Estados Contables)
245 1 0 _aEstados contables y libros de comercio
264 1 _aBuenos Aires :
_bAbaco de Rodolfo Depalma
_c1974
300 _axxviii, 486 p.
_c22 cm.
505 _aParte I: Libros de comercio y contabilidad: 1. Obligación de llevar contabilidad - 2. Libros indispensables - 3. Modelo de llevar los libro diario, auxiliares y caja - 4. Modelo de llevar el libro inventarios y balances - 5. Formalidades de los libros de comercio - 6. Exhibición de los libros de comercio - 7. Medios de prueba - Parte II: Estados contables y documentación: 1. Teoría y doctrina (I) - 2. Teoría y doctrina (II) - 3. Teoría y doctrina (III) - 4. Estados contables: Información y principios - 5. Estados contables: Regulación decreto ley 19550/1972 (I) - 6. Estados contables: Regulación decreto ley 19550/1972 (II) - 7. Balance general(I) - 8. Balance general(II) - 9. Balance general (III) - 10. Balance general(IV) - 11. Balance general(V) - 12. Estado de resultados - 13. Estados de resultados acumulados - 14. Estado de origen y aplicación de fondos - 15. Estados contables complementarios - 16. Memoria - 17. Informe de la sindicatura - 18. Dictamen de auditoria - 19. Documentación de las asambleas - 20. Modelos de estados contables y documentación.
942 _cBK
590 _aniveau_biblio:m niveau_hierar:0
100 1 _aVerón, Alberto Víctor
999 _c1464
_d1464